Proceedings of the WMO/IUGG Symposium on Numerical Weather Prediction in Tokyo | November 26- December 4, 1968 (Record no. 32599)

000 -Cabeçalho
Cabeçalho 00486nam 22001573 4500
001 - Identificador do registo
Identificador do registo 32599
090 ## - Número de controle KOHA
Número biblioitem KOHA 32599
100 ## - Dados gerais de processamento
Dados gerais de processamento 20260318d u||y0pory50 ba
101 ## - Língua da publicação
Língua do texto, banda sonora, etc. Inglês
200 ## - Título e menção de responsabilidade
Título próprio Proceedings of the WMO/IUGG Symposium on Numerical Weather Prediction in Tokyo
Informação de outro título November 26- December 4, 1968
Primeira menção de responsabilidade WMO
Outras menções de responsabilidade IUGG
210 ## - Publicação, distribuição, etc.
Lugar da edição, distribuição, etc. Japan
Nome do editor, distribuidor, etc. Japan Mateorological Agency
Data da publicação, distribuição, etc. 1969
215 ## - Descrição física
Dimensões 26 cm
317 ## - Nota de proveniência
Instituição e exemplar a que o campo se aplica Serviço Meteorológico Nacional
606 ## - Nome comum usado como assunto
Subdivisão de assunto Previsão Numérica
ID Autoridade 23786
801 ## - Fonte de origem
Regras de catalogação ISBD
942 ## - Informação adicional KOHA
Inibição de acesso no OPAC Não
Holdings
Situação do extravio Classificação interna Koha para ordenação Data de aquisição Número de registo Número interno Koha (auto-gerado) Biblioteca de aquisição Biblioteca de empréstimo Cota Fim da data de empréstimo Permissão de empréstimo Tipo de documento
  ESTANTE_3_PRAT_4_000000000000000 2026-03-18 5900 32597 Biblioteca da Sede Biblioteca da Sede Estante 3, Prat 4 2026-03-18   Monografias

Powered by Koha